| Tag |
First Indicator |
Second Indicator |
Subfields |
| LEADER |
00000cam a2200000 a 4500 |
| 001 |
in00000014791 |
| 005 |
20151007052904.0 |
| 008 |
841228s1986 maua 00110 eng |
| 010 |
|
|
|a 84028218
|
| 020 |
|
|
|a 0201108615 :
|c $25.95
|
| 020 |
|
|
|a 9780201108613
|
| 035 |
|
|
|a (OCoLC)11599185
|
| 035 |
|
|
|9 AAA9589AM
|
| 040 |
|
|
|a DLC
|c DLC
|d m/c
|d TXA
|d UtOrBLW
|
| 049 |
|
|
|a [Curr Col] TXAM
|d [
|v = text
|p = Suppl.]
|c 1
|v [A12587641]
|p 1 [A12588207], 2
|v [A12588087]
|
| 050 |
0 |
0 |
|a QA551
|b .F87 1986
|
| 082 |
0 |
|
|a 516.3
|2 19
|
| 100 |
1 |
|
|a Fuller, Gordon,
|d 1894-
|
| 245 |
1 |
0 |
|a Analytic geometry /
|c Gordon Fuller, Dalton Tarwater.
|
| 250 |
|
|
|a 6th ed.
|
| 264 |
|
1 |
|a Reading, Mass. :
|b Addison-Wesley,
|c 1986.
|
| 300 |
|
|
|a xiii, 386 pages :
|b illustrations ;
|c 25 cm. +
|e answer book.
|
| 336 |
|
|
|a text
|b txt
|2 rdacontent
|
| 337 |
|
|
|a unmediated
|b n
|2 rdamedia
|
| 338 |
|
|
|a volume
|b nc
|2 rdacarrier
|
| 500 |
|
|
|a Grade 8.
|
| 500 |
|
|
|a Includes index.
|
| 650 |
|
0 |
|a Geometry, Analytic.
|
| 700 |
1 |
|
|a Tarwater, J. Dalton.
|
| 999 |
|
|
|a MARS
|
| 999 |
f |
f |
|s 6ce27add-7344-374c-9763-53ded9a820e9
|i 905b866f-a3d9-3422-82c9-88a0313e1f72
|t 0
|
| 952 |
f |
f |
|p ric
|a Texas A&M University
|b Rellis Campus
|c Joint Library Facility
|s JLF
|d Remote Storage
|t 0
|e QA551 .F87 1986
|h Library of Congress classification
|i unmediated -- volume
|k v.1
|m A14812587641
|
| 952 |
f |
f |
|p ric
|a Texas A&M University
|b Rellis Campus
|c Joint Library Facility
|s JLF
|d Remote Storage
|t 0
|e QA551 .F87 1986
|h Library of Congress classification
|i unmediated -- volume
|k Suppl.1
|m A14812588207
|
| 998 |
f |
f |
|a QA551 .F87 1986
|s Suppl.1 (answer book)
|t 0
|l Remote Storage
|